| 000 | 00656nam a2200241Ia 4500 | ||
|---|---|---|---|
| 001 | 18448 | ||
| 003 | GE_BSU | ||
| 008 | 181216s||||||||xx |||||||||||||| ||und|| | ||
| 020 | _a9780415806343 | ||
| 040 | _cGE_BSU | ||
| 080 | _a331 | ||
| 100 | _aPryor,Robert. Bright,Jim | ||
| 245 | 4 | _aThe Chaos Theory of Careers. | |
| 245 | 2 | _bA new Perspective on working in the Twenty-First Century | |
| 260 | _aNew York | ||
| 260 | _bRoutledge | ||
| 260 | _c2011 | ||
| 300 | _a244p. 23 cm. | ||
| 653 | _aA new Perspective on working in the Twenty-First Century | ||
| 653 | _aThe Chaos Theory of Careers. | ||
| 653 | _aკარიერა. | ||
| 942 | _cBK | ||
| 999 |
_c51462 _d51462 |
||